| 000 | 00562nam a22002057a 4500 | ||
|---|---|---|---|
| 003 | OSt | ||
| 005 | 20240624022319.0 | ||
| 006 | a | ||
| 008 | 240624b |||||||| |||| 00| 0 eng d | ||
| 020 | _a9780495554035 | ||
| 040 |
_aDWCL-Main lib. _cOC |
||
| 082 | _aCirc. 512 K21c 2009 | ||
| 100 | _aKaufman, Jerome E. | ||
| 245 | _aCollege algebra / | ||
| 260 |
_aBelmont, CA : _bThomson Higher Education, _cc2009. |
||
| 300 |
_axiv, _b(various paging) : ill, ; _c24 cm. |
||
| 504 | _aIncludes index. | ||
| 650 | _a1. Algebra. | ||
| 942 |
_2ddc _n0 _cBK-CIRC _kCirc. |
||
| 999 |
_c1185 _d1185 |
||